000 00713nam a22001817a 4500
999 _c196389
_d196389
005 20230713102539.0
010 _aB-751351-365 CHEN 25.5.23
020 _a9789384119447
_c995.00
035 _aB-751351-365
037 _bOm Books International
082 _a483
245 _aChildren's Picture Dictionary /
260 _aNew Delhi
_bOm Books International
_c2020(repr.)
270 _a107, Ansari Road, Darya Ganj, New Delhi
_bNew Delhi
_e110002
300 _a256p.
_bcol.ill
_c29cm(Hb)
942 _2ddc
_cCH
_mCHI
_h483